Reštrukturalizácia ako nástroj krízového manažmentu v podmienkach slovenskej ekonomiky

Krízový manažment ako logicky usporiadaný súbor poznatkov o možných krízach, ich príčinách a dôsledkoch, ale tiež o princípoch, metódach a postupoch ich riešenia. Poslanie krízového manažmentu, jeho nástroje. Reštrukturalizačný proces a reštrukturalizačný plán. Reštrukturalizačné stratégie, turnarou...

Descrizione completa

Salvato in:
Dettagli Bibliografici
Autore principale: Braunová, Mária
Altri autori: Štetka, Peter, 1986-
Natura: Capitolo di libro
Lingua:slovacco
Soggetti:
Tags: Aggiungi Tag
Nessun Tag, puoi essere il primo ad aggiungerne!!

MARC

LEADER 00000nla a2200000 4500
001 0195320
005 20240502073256.2
041 0 |a slo 
044 |a SK 
245 1 0 |a Reštrukturalizácia ako nástroj krízového manažmentu v podmienkach slovenskej ekonomiky  |c Mária Braunová, Peter Štetka 
520 |a Krízový manažment ako logicky usporiadaný súbor poznatkov o možných krízach, ich príčinách a dôsledkoch, ale tiež o princípoch, metódach a postupoch ich riešenia. Poslanie krízového manažmentu, jeho nástroje. Reštrukturalizačný proces a reštrukturalizačný plán. Reštrukturalizačné stratégie, turnaroud, reinžiniering. Vývoj reštrukturalizácií v podmienkach slovenskej ekonomiky podľa spoločnosti Creditreform v sledovanom období 2011 - 2014. 
610 2 0 |a manažment krízový 
610 2 0 |a kríza podniku 
610 2 0 |a reštrukturalizácia 
610 2 0 |a reštrukturalizácia finančná 
100 1 |a Braunová, Mária 
700 1 |a Štetka, Peter, 1986-